00402nam a2200157 a 450000100060000000300090000600800410001502000150005604000280007108200170009910000280011624500160014426000520016030000110021265000210022315967CO-ViMGA141112s2004 ck r 000 u spa d a9592600147 aCO-ViMGAbspacCO-ViMGA04aBr 861 F375d1 aFernandes de Asis, Cecy10aDebo del Es aHabana (Cuba), cCasa de las Américas, c1999 a141.p.14aPOESIA BRASILERA